000 00365 a2200157 4500
001 60219
020 _a8573124989
040 _cAnchieta - Pituba
100 _aMoraes, Antônio Ermírio de
240 1 0 _aEducação, pelo amor de Deus!
_lpor
245 1 0 _aEducação, pelo amor de Deus!
300 _a216
362 0 _a2006
650 4 _aEducação
942 _cBK
999 _c60219
_d60219